Anagram challenge #2 - Statistics

General Stats
  • This quiz has been taken 16 times
  • The average score is 6 of 10
Answer Stats
Anagram Answer % Correct
Hubs Bush
100%
Saw nothing Washington
64%
Iced logo Coolidge
57%
Noise? Where? Eisenhower
57%
Dire flag Garfield
57%
He say Hayes
57%
Domains Madison
57%
Recipe Pierce
57%
Shin roar Harrison
50%
Lover's toe Roosevelt
43%
No matching quizzes found
Score Distribution
Percent of People with Each Score
Percentile by Number Answered
Your Score History
You have not taken this quiz